000 02576nam a22001577a 4500
008 191010b xxu||||| |||| 00| 0 eng d
020 _a9788579951954
082 _a708
_bF887f
100 _aServiçio Social do Comércio
_97207
245 _aFrestas:
_btrienal de artes
260 _aSão Paulo
_bSesc
_c2015
300 _a328 p.
_bil. (col)
_c25.5 x 18 cm
505 _tFrestas: a insistência por manter processos de rasgadura do real / Frestas: the insistence on maintaining processes of tearing the real
_rJosué Mattos
_tNeha Choksi
_tLenora do Barros
_tAmilcar Packer
_tAnton Steenbock
_tMeridiano: América, uma questão de anti-omnisciência / Meridian: America, a question of anti-omniscience
_rJulia Buenaventura
_tMaya Watanabe
_tAna Gallardo
_tMaya Watanabe
_tRochelle Costi
_tBayrol Jiménez
_tJulia Kater
_tPriscila Fernandes
_tLaura Belém
_tVictor Leguy
_tBil Lühmann
_tO que seria do mundo caso as coisas que naão existem não existissem? / What should be of the world if things that do not exist did not exist?
_rJosué Mattos
_tLume Teatro
_tMarcelo Moscheta
_tEvandro Machado
_tAdela Jušic
_tDpa à deux e Luis Melo
_tLuísa Nóbrega
_tIrmãos Guimarães
_tVasco Araújo
_tMalu Saddi
_tWaléria Américo
_tEmmanuel Lagarrigue
_tTom Zé
_tFelippe Moraes
_tJoana Corona
_tRaquel Stolf
_tSandra Cinto
_tBruno Vilela
_tVéio
_tCaetano Dias
_tKilian Glasner
_tAna Tomimori
_tCarlos Motta
_tAfonso Tostes
_tAndrés Aizicovich
_tCarlos Castro
_tAdrian Melis
_tSocieté Réaliste
_tMarcela Armas
_tFayçal Baghriche
_tBruno Kurru
_tKristina Norman
_tRithy Pahn
_tFernando Arias
_tTamara Kuselman
_tCido Garoto
_tJonas Arrabal
_tBruno Moreschi e Cristina Garrido
_tDaniel Santiago
_tNúria Güell
_tVeronica Stigger
_tChto Delat
_tKauê Garcia
_tBeto Magalhães, Cao Guimarães e Lucas Bambozzi
_tFrente 3 de Fevreiro
_tBjorn Erik Haugen
_tDeyson Gilbert e Luisa Nóbrega
_tBrígida Baltar
_tTeresa Siewerdt
_tBárbara Wagner
_tRomuald Hazoumè
_tRodrigo Torres
_tValerie Mréjen
_tDionisio González
_tJames Webb
_tRegina Parra
_tO inexistente é insistência / The nonexistence is insistence
_rRaul Antelo
_tPOIPOIDROME
_rJosué Mattos
_tLéxico di Ateliê Alberto para a invenção do inexistente / Lexicon of Atelié Aberto ára a invenção do inexistente (Open Studio for the invention of the nonexistent
_tAteliê de Pesquisa em Poéticas Visuais / Studio for Research into Visual
_tProjeto gráfico
_tProjeto arquitectônico
650 _xarte contemporáneo
_xarte - exhibiciones
_xarte - Brasil
_xartes plásticos
_xcatálogo de exhibición
_97208
700 _aMattos, Josué
_97209
999 _c1860
_d1860